| 000 | 00515nam a22001937a 4500 | ||
|---|---|---|---|
| 003 | CEME | ||
| 005 | 20210628202838.0 | ||
| 008 | 210118b xxu||||| |||| 00| 0 eng d | ||
| 020 | _a81-203-2832-9 | ||
| 040 | _c. | ||
| 082 | _a658.40352 DIS | ||
| 100 |
_aBanks, Jerry, Carson, John S, Nelson, Barry.L _961934 |
||
| 245 | _aDiscrete event system simulaiton | ||
| 250 | _a4TH | ||
| 260 |
_aINDIA _bPRENTICE HALL OF INDIA _c2005 |
||
| 300 | _aXVI,608P | ||
| 650 |
_aSIMULATION METHODS _920038 |
||
| 942 |
_cBK _2ddc |
||
| 999 |
_c571210 _d571210 |
||